European and Chinese Cognitive Styles and Their Impact on Teaching Mathematics

The book provides strong evidence that research on the cognitive processes from arithmetic thought to algebraic thought should take into consideration the socio-cultural context. It is an important contribution to the literature on linguistic structure in comparative studies related to Chinese stude...

Full description

Bibliographic Details
Main Authors: Spagnolo, Filippo (Author), Paola, Benedetto Di (Author)
Corporate Author: SpringerLink (Online service)
Format: Electronic eBook
Language:English
Published: Berlin, Heidelberg : Springer Berlin Heidelberg, 2010.
Series:Studies in Computational Intelligence, 277
Subjects:
Online Access:Full Text via HEAL-Link
LEADER 03932nam a22005775i 4500
001 978-3-642-11680-3
003 DE-He213
005 20151204184254.0
007 cr nn 008mamaa
008 100405s2010 gw | s |||| 0|eng d
020 |a 9783642116803  |9 978-3-642-11680-3 
024 7 |a 10.1007/978-3-642-11680-3  |2 doi 
040 |d GrThAP 
050 4 |a Q342 
072 7 |a UYQ  |2 bicssc 
072 7 |a COM004000  |2 bisacsh 
082 0 4 |a 006.3  |2 23 
100 1 |a Spagnolo, Filippo.  |e author. 
245 1 0 |a European and Chinese Cognitive Styles and Their Impact on Teaching Mathematics  |h [electronic resource] /  |c by Filippo Spagnolo, Benedetto Di Paola. 
264 1 |a Berlin, Heidelberg :  |b Springer Berlin Heidelberg,  |c 2010. 
300 |a 300 p. 51 illus.  |b online resource. 
336 |a text  |b txt  |2 rdacontent 
337 |a computer  |b c  |2 rdamedia 
338 |a online resource  |b cr  |2 rdacarrier 
347 |a text file  |b PDF  |2 rda 
490 1 |a Studies in Computational Intelligence,  |x 1860-949X ;  |v 277 
505 0 |a A General Framework and Theoretical References -- The Chinese Written Language as Tool for a Possible Historical and Epistemological Reflections on the Mathematics and the Impact of Teaching/Learning of Mathematics -- The Meta-rules between Natural Language and History of Mathematics -- Common Sense and Fuzzy Logic -- The Experimental Epistemology as a Tool to Observe and Preview Teaching/Learning Phenomena -- Strategy and Tactics in the Chinese and European Culture: Chess and Weich’i -- Rhythm and Natural Language in the Chinese and European Culture -- Conclusions. 
520 |a The book provides strong evidence that research on the cognitive processes from arithmetic thought to algebraic thought should take into consideration the socio-cultural context. It is an important contribution to the literature on linguistic structure in comparative studies related to Chinese student mathematics learning. This book not only makes a great contribution to research in mathematics education, the findings of this study also addressed insightful approaches and thoughts of understanding the development of algebraic thinking in cultural contexts for classroom teachers. Using written Chinese language from different theoretical references provided wonderful approaches for understanding student algebra cognitive development in a different way and calls educators for to pay special attention to an epistemological and linguistic view of algebraic development. The findings inform classroom teachers that the cultural context plays an important role in student learning mathematics. A typical analysis of the cognitive dimension involved in some in the historical and cultural contexts is a great resource for classroom teachers. I really enjoyed reading this book and learned a lot from its compelling analysis. Shuhua An, Associate Professor and Director of Graduate Program in Mathematics Education, California State University, Long Beach . 
650 0 |a Engineering. 
650 0 |a Artificial intelligence. 
650 0 |a Applied mathematics. 
650 0 |a Engineering mathematics. 
650 0 |a Chinese language. 
650 0 |a Psycholinguistics. 
650 0 |a Mathematics  |x Study and teaching. 
650 0 |a Computational intelligence. 
650 1 4 |a Engineering. 
650 2 4 |a Computational Intelligence. 
650 2 4 |a Psycholinguistics. 
650 2 4 |a Applications of Mathematics. 
650 2 4 |a Artificial Intelligence (incl. Robotics). 
650 2 4 |a Mathematics Education. 
650 2 4 |a Chinese. 
700 1 |a Paola, Benedetto Di.  |e author. 
710 2 |a SpringerLink (Online service) 
773 0 |t Springer eBooks 
776 0 8 |i Printed edition:  |z 9783642116797 
830 0 |a Studies in Computational Intelligence,  |x 1860-949X ;  |v 277 
856 4 0 |u http://dx.doi.org/10.1007/978-3-642-11680-3  |z Full Text via HEAL-Link 
912 |a ZDB-2-ENG 
950 |a Engineering (Springer-11647)